Architektúra Slovensko ...

Bibliographic Details
Main Author: Oľha, Matúš, 1959- (Compiler)
Other Authors: Dulla, Matúš, 1950- (Compiler), Gál, Peter, 1942- (Compiler), Kopecká, Hana, 1955- (Compiler), Mašek, Martin (Compiler)
Format: Journal
Language:Slovak
English
German
PhysicalDescription:1 zv. 32 cm
Published: Bratislava Meritum 1998
ISBN:8088791235 (brož. : r. 1998)
Subjects:

MARC

LEADER 00000cas a2200000 a 4500
001 vtls001357571
003 SK-MaSNL
005 20260425193956.0
008 160415d19981998xo ar|p 0y 0 0slo
015 |a SNBE1999/03-01660 (r. 1998) 
020 |a 8088791235 (brož. : r. 1998) 
035 |a SNK000311070 
040 |a SNK  |b slo  |c SNK  |e AACR2 
041 0 |a slo  |a eng  |a ger 
043 |a e-xo--- 
044 |a xo  |c SK 
072 7 |a 72  |x Architektúra  |2 konspekt 
080 |a 72(437.6)  |2 2011 
080 |a (437.6)  |2 2011 
080 |a (058)  |2 2011 
080 |a 050  |2 2011 
080 |a (036)  |2 2011 
100 1 |a Oľha, Matúš,  |d 1959-  |9 103521 
245 1 0 |a Architektúra Slovensko ...  |c [zostavovateľ: Matúš Oľha] 
260 |a Bratislava  |b Meritum  |c 1998 
300 |a 1 zv.  |c 32 cm 
310 |a 1x ročne 
362 0 |a 1997 
500 |a Zostavili: Matúš Oľha ; Matúš Dulla ; Peter Gál ; Hana Kopecká ; Martin Mašek 
500 |a Súčasťou názvu je označenie bežného roku 
546 |a Text čiast. angl., nem. 
650 0 7 |a slovenská architektúra  |2 SNKPH  |9 2967 
651 7 |a Slovensko  |2 SNKPHgeo  |9 14231 
655 7 |a informačné publikácie  |2 SNKPH  |9 70181 
655 7 |a ročenky  |2 SNKPH  |9 57146 
700 1 |a Dulla, Matúš,  |d 1950-  |4 com  |9 86939 
700 1 |a Gál, Peter,  |d 1942-  |4 com 
700 1 |a Kopecká, Hana,  |d 1955-  |4 com  |9 106885 
700 1 |a Mašek, Martin  |4 com  |9 265256 
700 1 |a Oľha, Matúš,  |d 1959-  |4 com  |9 103521 
910 |a snk 
919 |a 80-88791-23-5 
999 |c 408  |d 408 
952 |a SNK  |b SNK  |y PREZ  |7 0  |p 17A0185602  |o snkČSB 4767/1997  |i snkKSP 2798/99  |0 0  |1 0  |4 0  |d 1999-03-16  |l 0  |r 2005-01-02 00:00:00  |w 2026-02-21 
952 |a SNK  |b SNK  |y PREZ  |7 0  |p 17A0185601  |o snkČSB 4767/1997 D1  |i snkKSP 2799/99  |0 0  |1 0  |4 0  |d 1999-03-16  |l 0  |r 2005-01-02 00:00:00  |w 2026-02-21